Jette un sou au Sorceleur - The Witcher - Statistiques

Statistiques générales
  • Ce quiz a été pris 20 fois
  • Le résultat moyen est 98 sur 197
Statistiques - réponses
Paroles % Correct
à
100%
A
100%
Ô
100%
ô
100%
s'
91%
sorceleur
91%
Sorceleur
91%
d'
82%
Jette
82%
L'
82%
l'
82%
sou
82%
un
82%
au
73%
Au
73%
Ça
73%
de
73%
une
73%
vallée,
73%
vallée
73%
le
64%
Le
64%
bien
55%
Ce
55%
Il
55%
il
55%
la
55%
me
55%
mon
55%
sa
55%
ami
45%
Ami
45%
bière
45%
en
45%
fertile
45%
Humanité
45%
vaut
45%
Avec
36%
dents
36%
Et
36%
et
36%
lui
36%
luth
36%
aussi
27%
barde
27%
brisèrent
27%
Cet
27%
chemin
27%
démon
27%
du
27%
Du
27%
fait
27%
Géralt
27%
Ils
27%
les
27%
Les
27%
mes
27%
moi
27%
nos
27%
prirent
27%
quelques
27%
Rencontre
27%
sauvagerie
27%
ses
27%
boucavicorne
18%
braire
18%
chairs
18%
elfes
18%
Mal
18%
monde
18%
nous
18%
Pour
18%
Qui
18%
refrain
18%
Rive
18%
vie
18%
vient
18%
bout
9%
Célébré
9%
chagrin
9%
chaos
9%
cohortes
9%
confusion
9%
défie
9%
discret
9%
droit
9%
envoya
9%
hauts
9%
héros
9%
hypocrite
9%
Labourant
9%
lança
9%
Lorsqu'un
9%
Loup-Blanc
9%
Malin
9%
noble
9%
par
9%
péril
9%
plateaux
9%
Protège
9%
répandait
9%
répit
9%
repoussa
9%
Semant
9%
semer
9%
Seul
9%
Souffrance
9%
sur
9%
Tout
9%
Traquant
9%
Traqué
9%
vermine
9%
Vers
9%
vers
9%
Aucun quiz correspondant
Distribution des résultats
% des personnes avec chaque résultat
Percentile par nombre de réponses
Votre historique - résultats
Vous n’avez pas pris ce quiz